LEADER 01111nam0-2200349---450- 001 990008395310403321 005 20061010104849.0 010 $a88-464-7277-2 035 $a000839531 035 $aFED01000839531 035 $a(Aleph)000839531FED01 035 $a000839531 100 $a20061009d2006----km-y0itay50------ba 101 0 $aita 102 $aIT 105 $ay---a---001yy 200 1 $a<>disturbi del comportamento alimentare in adolescenza$eun seminario di formazione condotto da Philippe Jeammet$fa cura di Viviana Venturi, Giustino Melideo 210 $aMilano$cAngeli$d2006 215 $a101 p.$d23 cm 225 1 $aPsicologia$v266 610 0 $aAdolescenza$aDisturbi dell'alimentazione 676 $a616.852$v21$zita 700 1$aJeammet,$bPhilippe$0315874 702 1$aVenturi,$bViviana 702 1$aMelideo,$bGiustino 801 0$aIT$bUNINA$c20061009$gRICA$2UNIMARC 901 $aBK 912 $a990008395310403321 952 $aP.1 PSV 299$bBibl. 54460$fFLFBC 959 $aFLFBC 996 $aDisturbi del comportamento alimentare in adolescenza$9725509 997 $aUNINA LEADER 00809nam a2200205 u 4500 001 991004411527107536 005 20251218193326.0 008 251218s2022 xx r 001 0 eng d 040 $aBibl. Dip.le Aggr. Ingegneria Innovazione - Sez. IngegneriaInnovazione$beng 082 0 $a621.815 100 1 $aSeminario italo-espaņol$tDisegno di macchine e progettazione industriale$01888570 245 10$aAtti del seminario italo-espaņol :$bdisegno di macchine e progettazione industriale /$ca cura di A. Alvarez Vigil 260 $a[S.l.] :$b[s.n.],$c1996 300 $a235 p. :$bill. ;$c24 cm 650 0$aMachine design$xCongresses 650 0$aIndustrial design$xCongresses 700 1 $aAlvarez Vigil, A. 912 $a991004411527107536 996 $aAtti del seminario italo-espaņol$94527718 997 $aUNISALENTO